Statystyki dla Kluby Premier League All Time

Kliknij tutaj aby rozwiązać quiz!

Ogólne statystyki

  • Ten quiz został rozwiązany 42 razy
  • Średni wynik to 36 z 52

Statystyki odpowiedzi

Odpowiedź% Poprawnych
Crystal Palace
100%
Sheffield United
97%
Chelsea
94%
Luton Town
94%
Manchester City
94%
West Ham United
94%
Brentford
91%
Burnley
91%
Everton
91%
Newcastle United
91%
Tottenham Hotspur
91%
Aston Villa
89%
Fulham
89%
Nottingham Forest
89%
Leicester City
77%
Southampton
77%
Arsenal
74%
Brighton & Hove Albion
74%
Liverpool
74%
Watford
74%
Leeds United
69%
Sunderland
69%
Blackburn Rovers
66%
Blackpool
66%
Bournemouth
66%
Cardiff City
66%
Hull City
66%
Middlesbrough
66%
Portsmouth
66%
Queens Park Rangers
66%
Reading
66%
Stoke City
66%
Swansea City
66%
West Bromwich Albion
66%
Wigan Athletic
66%
Birmingham City
63%
Bradford City
63%
Charlton Athletic
63%
Ipswich Town
63%
Barnsley
60%
Coventry City
60%
Oldham Athletic
60%
Swindon Town
60%
Norwich City
57%
Huddersfield Town
54%
Derby County
49%
Wimbledon
49%
Wolverhampton Wanderers
43%
Sheffield Wednesday
31%
Bolton Wanderers
26%
Milton Keynes Dons
23%
Manchester Unitd
14%

Rozkład punktacji

Percentyl według liczby udzielonych odpowiedzi

Procent ludzi z każdym wynikiem

Twoja historia wyników

Nie rozwiązałeś tego quizu